The theosophic heresy /

Bibliographic Details
Main Author: Holland, W. Lancelot (Walter Lancelot)
Other Authors: Maskelyne, John Nevil, 1839-1917
Format: eBook
Language:English
Published: London : New York : G. Routledge & Sons ; E.P. Dutton, 1913.
Subjects:
Online Access:Connect to the full text of this electronic resource

MARC

Tag First Indicator Second Indicator Subfields
LEADER 00000cam a2200000 a 4500
001 in00003424821
005 20190407112929.0
006 m o d
007 cr bn ---uuuuu
008 090615s1913 enkacf o 001 0 eng d
035 |a AC003594 
040 |a UkMbAM-D  |c UkMbAM-D  |d UtOrBLW 
100 1 |a Holland, W. Lancelot  |q (Walter Lancelot) 
245 1 4 |a The theosophic heresy /  |c by W. Lancelot Holland ; with an appendix by J.N. Maskelyne. 
264 1 |a London :  |b G. Routledge & Sons ;  |a New York :  |b E.P. Dutton,  |c 1913. 
300 |a 1 online resource. 
336 |a text  |b txt  |2 rdacontent 
337 |a computer  |b c  |2 rdamedia 
338 |a online resource  |b cr  |2 rdacarrier 
500 |a Includes index. 
535 1 |a Harry Price Library of Magical Literature, Senate House Library, University of London 
500 |a Electronic resource. 
650 0 |a Spiritualism. 
650 0 |a Theosophy. 
600 1 0 |a Blavatsky, H. P.  |q (Helena Petrovna),  |d 1831-1891. 
700 1 |a Maskelyne, John Nevil,  |d 1839-1917. 
856 4 0 |u http://proxy.library.tamu.edu/login?url=http://www.victorianpopularculture.amdigital.co.uk/Contents/document-details.aspx?documentid=14631  |z Connect to the full text of this electronic resource  |t 0 
999 |a MARS 
999 f f |s 570c15ae-d7cc-3510-b742-e8d369d51a8d  |i d47cbd9a-9980-38fa-ba35-2a6abaaa87f7  |t 0 
952 f f |a Texas A&M University  |b College Station  |c Electronic Resources  |d Available Online  |t 0  |h No information provided 
998 f f |t 0  |l Available Online